103 câu hỏi và trả lời về tuyển chọn và quản lý lao động nước ngoài làm việc tại Việt Nam

Saved in:
Bibliographic Details
Main Author: Lê, Trung
Format: Book
Language:Undetermined
Published: Hà Nội Lao động Xã hội 2004
Subjects:
Tags: Add Tag
No Tags, Be the first to tag this record!
Institutions: Trung tâm Học liệu Trường Đại học Cần Thơ
LEADER 00650nam a2200205Ia 4500
001 CTU_103788
008 210402s9999 xx 000 0 und d
020 |c 65000 
082 |a 344.59701 
082 |b Tr513 
100 |a Lê, Trung 
245 0 |a 103 câu hỏi và trả lời về tuyển chọn và quản lý lao động nước ngoài làm việc tại Việt Nam 
245 0 |c Lê Trung 
260 |a Hà Nội 
260 |b Lao động Xã hội 
260 |c 2004 
650 |a Labor laws and legislation 
650 |z Vietnam 
904 |i Minh 
980 |a Trung tâm Học liệu Trường Đại học Cần Thơ